[Event "ENCI Limburg-open A"]
[Site "Maastricht"]
[Date "2009.05.29"]
[Round "1"]
[White "Spoelman, Wouter"]
[Black "Henris, Luc"]
[Result "1-0"]
[WhiteElo "2512"]
[BlackElo "2265"]
[PlyCount "59"]
[EventDate "2009.05.29"]
[EventType "swiss"]
[EventRounds "7"]
[EventCountry "NED"]
[Source "P.Boonen"]
[SourceDate "2010.01.01"]

1. e4 e5 2. Nf3 d6 3. d4 exd4 4. Nxd4 Nf6 5. Nc3 Be7 6. g3 d5 7. e5 Ng4 8. Bg2
Nxe5 9. O-O c6 10. Re1 Ng6 11. h4 O-O 12. h5 Nh8 13. Bf4 Na6 14. Na4 Nc7 15. c4
Bd6 16. Bxd6 Qxd6 17. Nc3 Be6 18. cxd5 Nxd5 19. Nxd5 cxd5 20. Nxe6 fxe6 21.
Rxe6 Qc5 22. Re2 Rad8 23. Rc1 Qd6 24. Rd2 Rf5 25. Rc4 Nf7 26. Rcd4 Qe7 27. Bxd5
Rf8 28. Re4 Qf6 29. Be6 Rg5 30. Rd7 1-0

[Event "ENCI Limburg-open A"]
[Site "Maastricht"]
[Date "2009.05.29"]
[Round "1"]
[White "Van Es, Gerard"]
[Black "Verstraeten, Reinaert"]
[Result "1-0"]
[WhiteElo "2084"]
[BlackElo "1993"]
[PlyCount "85"]
[EventDate "2009.05.29"]
[EventType "swiss"]
[EventRounds "7"]
[EventCountry "NED"]
[Source "P.Boonen"]
[SourceDate "2010.01.01"]

1. e4 c5 2. Nf3 d6 3. d4 cxd4 4. Nxd4 Nf6 5. Nc3 a6 6. Be2 e6 7. a4 Be7 8. Be3
Qc7 9. O-O O-O 10. Kh1 Nc6 11. f4 Bd7 12. Qe1 Nxd4 13. Bxd4 Bc6 14. Bd3 Nd7 15.
Qg3 Bf6 16. Bxf6 Nxf6 17. e5 dxe5 18. fxe5 Nd5 19. Ne4 h6 20. Rae1 Bxa4 21. Qg4
Bxc2 22. Nf6+ Kh8 23. Nxd5 exd5 24. Rc1 Bxd3 25. Rxc7 Bxf1 26. e6 Kg8 27. exf7+
Kh8 28. Qf3 Bb5 29. h3 Bc6 30. Qe3 Rad8 31. Qd4 Kh7 32. h4 g6 33. Re7 Rd7 34.
Rxd7 Bxd7 35. Qf6 Bb5 36. g4 d4 37. Kg1 d3 38. h5 gxh5 39. gxh5 Rxf7 40. Qxf7+
Kh8 41. Kf2 d2 42. Qf6+ Kh7 43. Qe7+ 1-0

[Event "ENCI Limburg-open A"]
[Site "Maastricht"]
[Date "2009.05.29"]
[Round "1"]
[White "Vrancken, Gilbert"]
[Black "Fober, Jan"]
[Result "1-0"]
[WhiteElo "2094"]
[BlackElo "1999"]
[PlyCount "51"]
[EventDate "2009.05.29"]
[EventType "swiss"]
[EventRounds "7"]
[EventCountry "NED"]
[Source "P.Boonen"]
[SourceDate "2010.01.01"]

1. e4 e6 2. d4 d5 3. e5 c5 4. c3 Nc6 5. Nf3 Qb6 6. Bd3 Bd7 7. O-O cxd4 8. cxd4
f5 9. Nc3 Nce7 10. Na4 Bxa4 11. Qxa4+ Nc6 12. Bd2 Be7 13. b4 Qd8 14. Rfc1 Kf7
15. b5 Nb8 16. Ba5 b6 17. Bb4 h6 18. Rc3 a5 19. Ba3 Bxa3 20. Qxa3 Ne7 21. Rac1
Re8 22. Rc7 Kg8 23. Qd6 Qxd6 24. exd6 Ng6 25. Rb7 Nf8 26. Ne5 1-0

[Event "ENCI Limburg-open A"]
[Site "Maastricht"]
[Date "2009.05.29"]
[Round "1"]
[White "Winkels, Marcel"]
[Black "Koch, Markus"]
[Result "0-1"]
[WhiteElo "2102"]
[BlackElo "2007"]
[PlyCount "88"]
[EventDate "2009.05.29"]
[EventType "swiss"]
[EventRounds "7"]
[EventCountry "NED"]
[Source "P.Boonen"]
[SourceDate "2010.01.01"]

1. e4 d5 2. exd5 Qxd5 3. Nc3 Qd6 4. d4 Nf6 5. Nf3 a6 6. Ne5 Nc6 7. Nxc6 Qxc6 8.
Be3 Bg4 9. f3 Bf5 10. d5 Qd6 11. g4 Bg6 12. Qd2 O-O-O 13. O-O-O e5 14. g5 Nd7
15. Bg2 f5 16. h4 Be7 17. a3 Nb6 18. Qe2 Kb8 19. Rhe1 Rhe8 20. Kb1 h6 21. gxh6
Bxh4 22. Rh1 Bf6 23. Qf2 Nc4 24. Bc5 Qd7 25. Bf1 Nd6 26. Qg2 Qf7 27. hxg7 Rg8
28. Bg1 Rxg7 29. Qf2 Nc8 30. Bc4 Qe7 31. Bb3 e4 32. Ka2 Bg5 33. f4 Bf6 34. Na4
Bf7 35. Nc5 Rdg8 36. Ne6 Rg2 37. Qc5 R8g3 38. Qxe7 Nxe7 39. d6 cxd6 40. Rxd6
Nc8 41. Rd1 Rxb3 42. Kxb3 Bxe6+ 43. Ka4 Rxc2 44. Rh6 Rxb2 0-1

[Event "ENCI Limburg-open A"]
[Site "Maastricht"]
[Date "2009.05.29"]
[Round "1"]
[White "Zaragatski, Ilja"]
[Black "Rendboe, John"]
[Result "1-0"]
[WhiteElo "2428"]
[BlackElo "2199"]
[PlyCount "65"]
[EventDate "2009.05.29"]
[EventType "swiss"]
[EventRounds "7"]
[EventCountry "NED"]
[Source "P.Boonen"]
[SourceDate "2010.01.01"]

1. Nf3 Nf6 2. g3 d5 3. Bg2 c6 4. O-O g6 5. b3 Bg7 6. Bb2 O-O 7. c4 Nbd7 8. Qc2
Re8 9. d4 Ne4 10. Nfd2 Nxd2 11. Nxd2 Nf6 12. f3 Qb6 13. e4 Nd7 14. c5 Qc7 15.
exd5 cxd5 16. b4 Nf6 17. Nb3 Bf5 18. Qe2 h5 19. Rfe1 Nh7 20. b5 Ng5 21. Rac1
Rac8 22. a4 Qd7 23. Bc3 Ne6 24. f4 h4 25. Bf3 Bf6 26. Qe3 g5 27. fxg5 Bxg5 28.
Qe5 Bxc1 29. Qxf5 Bh6 30. Bxd5 Rcd8 31. Rxe6 Kf8 32. Bc4 Kg7 33. d5+ 1-0

[Event "ENCI Limburg-open A"]
[Site "Maastricht"]
[Date "2009.05.30"]
[Round "2"]
[White "Akstinat, Sven Holger"]
[Black "Beukema, Stefan"]
[Result "1/2-1/2"]
[WhiteElo "2162"]
[BlackElo "2009"]
[PlyCount "95"]
[EventDate "2009.05.29"]
[EventType "swiss"]
[EventRounds "7"]
[EventCountry "NED"]
[Source "P.Boonen"]
[SourceDate "2010.01.01"]

1. e4 e5 2. Nf3 Nc6 3. d4 exd4 4. Bc4 Nf6 5. O-O d6 6. Nxd4 Ne5 7. Bb3 c5 8.
Ba4+ Bd7 9. Bxd7+ Qxd7 10. Nf3 Nxf3+ 11. Qxf3 Qc6 12. Nc3 Be7 13. Bf4 O-O 14.
Rad1 Nd7 15. Qg3 Nf6 16. Nd5 Nxd5 17. Rxd5 f5 18. Bh6 Rf7 19. Rxf5 Raf8 20. Re1
d5 21. Bf4 dxe4 22. Be5 Qh6 23. Qb3 Qd2 24. Bc3 Qh6 25. Rxe4 Bf6 26. Qe6 Rd8
27. Bxf6 gxf6 28. Rxc5 f5 29. Rc8 Qc1+ 30. Re1 Qxe1+ 31. Qxe1 Rxc8 32. c3 Rd8
33. g3 f4 34. gxf4 Rxf4 35. Qe6+ Rf7 36. Kg2 Kf8 37. Qe3 Rg7+ 38. Kh3 b6 39.
Qf4+ Kg8 40. f3 Rf8 41. Qe4 Rf6 42. Qa8+ Rf8 43. Qd5+ Kh8 44. c4 Rc8 45. b4
Rgc7 46. Qe5+ Kg8 47. Qe6+ Kh8 48. Qf6+ 1/2-1/2

[Event "ENCI Limburg-open A"]
[Site "Maastricht"]
[Date "2009.05.30"]
[Round "2"]
[White "Beijerinck, Nick"]
[Black "Broekmeulen, Jasper"]
[Result "0-1"]
[WhiteElo "1985"]
[BlackElo "2318"]
[PlyCount "38"]
[EventDate "2009.05.29"]
[EventType "swiss"]
[EventRounds "7"]
[EventCountry "NED"]
[Source "P.Boonen"]
[SourceDate "2010.01.01"]

1. e4 a6 2. d4 b5 3. Nf3 Bb7 4. Bd3 e6 5. O-O Nf6 6. Re1 Be7 7. a4 b4 8. c3 d5
9. Nbd2 c5 10. e5 Nfd7 11. cxb4 c4 12. Bb1 Nc6 13. Re3 Nxb4 14. Ne1 Qb6 15. Nf1
Nc6 16. Nc2 Bg5 17. Rg3 Bxc1 18. Qxc1 Nxd4 19. Rxg7 Ne2+ 0-1

[Event "ENCI Limburg-open A"]
[Site "Maastricht"]
[Date "2009.05.30"]
[Round "2"]
[White "Bitalzadeh, Ali"]
[Black "Dgebuadze, Alexandre"]
[Result "1/2-1/2"]
[WhiteElo "2417"]
[BlackElo "2539"]
[PlyCount "52"]
[EventDate "2009.05.29"]
[EventType "swiss"]
[EventRounds "7"]
[EventCountry "NED"]
[Source "P.Boonen"]
[SourceDate "2010.01.01"]

1. e4 e6 2. d4 d5 3. Nc3 Bb4 4. e5 Ne7 5. a3 Bxc3+ 6. bxc3 c5 7. Qg4 O-O 8. Bd3
Nbc6 9. Nf3 f5 10. exf6 Rxf6 11. Bg5 Rf7 12. Bxe7 Rxe7 13. Qh4 h6 14. O-O c4
15. Bg6 Bd7 16. Rfe1 Qf8 17. Ne5 Nxe5 18. Rxe5 Be8 19. Bxe8 Raxe8 20. Rae1 Rf7
21. Ra1 Rf5 22. Qg3 Rxe5 23. Qxe5 Qf5 24. Qxf5 exf5 25. Kf1 Re6 26. Rb1 b6
1/2-1/2

[Event "ENCI Limburg-open A"]
[Site "Maastricht"]
[Date "2009.05.30"]
[Round "2"]
[White "Brandenburg, Daan"]
[Black "Berg, Emanuel"]
[Result "1/2-1/2"]
[WhiteElo "2453"]
[BlackElo "2610"]
[PlyCount "39"]
[EventDate "2009.05.29"]
[EventType "swiss"]
[EventRounds "7"]
[EventCountry "NED"]
[Source "P.Boonen"]
[SourceDate "2010.01.01"]

1. e4 e6 2. d4 d5 3. Nd2 Nf6 4. e5 Nfd7 5. c3 c5 6. Bd3 Nc6 7. Ne2 cxd4 8. cxd4
f6 9. exf6 Nxf6 10. O-O Bd6 11. Nf3 Qc7 12. Bg5 O-O 13. Rc1 h6 14. Bd2 Bd7 15.
Ng3 Rae8 16. Bc3 Bf4 17. Bd2 Bd6 18. Bc3 Bf4 19. Bd2 Bd6 20. Bc3 1/2-1/2

[Event "ENCI Limburg-open A"]
[Site "Maastricht"]
[Date "2009.05.30"]
[Round "2"]
[White "Burggraaf, Jan Theodoor"]
[Black "Laarhoven, Thijs"]
[Result "0-1"]
[WhiteElo "2041"]
[BlackElo "2227"]
[PlyCount "59"]
[EventDate "2009.05.29"]
[EventType "swiss"]
[EventRounds "7"]
[EventCountry "NED"]
[Source "P.Boonen"]
[SourceDate "2010.01.01"]

1. Nf3 Nf6 2. g3 d5 3. Bg2 h6 4. c4 c6 5. b3 Bf5 6. Bb2 e6 7. O-O Nbd7 8. d3
Be7 9. Nbd2 O-O 10. Rc1 Bh7 11. Rc2 a5 12. a3 b5 13. cxb5 cxb5 14. Qa1 Rc8 15.
Rfc1 Rxc2 16. Rxc2 Qb8 17. Qc1 e5 18. Ne1 Bf5 19. e3 Bd6 20. e4 dxe4 21. Nxe4
Nxe4 22. dxe4 Be6 23. Rc6 Rd8 24. Qc2 Nb6 25. Nd3 Bd7 26. Nxe5 Bxe5 27. Bxe5
Qxe5 28. Rxb6 Qa1+ 29. Bf1 Bh3 30. Qe2 0-1

[Event "ENCI Limburg-open A"]
[Site "Maastricht"]
[Date "2009.05.30"]
[Round "2"]
[White "Bus, Tom"]
[Black "Nabuurs, Mart"]
[Result "1-0"]
[WhiteElo "2225"]
[BlackElo "2108"]
[PlyCount "83"]
[EventDate "2009.05.29"]
[EventType "swiss"]
[EventRounds "7"]
[EventCountry "NED"]
[Source "P.Boonen"]
[SourceDate "2010.01.01"]

1. c4 b6 2. Nc3 e6 3. e4 Bb7 4. g3 f5 5. Bg2 Nf6 6. d3 Bb4 7. Nge2 fxe4 8. O-O
O-O 9. Bg5 Be7 10. Bxf6 Bxf6 11. Nxe4 Nc6 12. d4 Kh8 13. Rc1 Ne7 14. Nf4 Rb8
15. Re1 Bxe4 16. Bxe4 g6 17. Rc2 Nf5 18. Bxf5 gxf5 19. Rce2 Bg5 20. Nh3 Bf6 21.
b3 c5 22. d5 e5 23. Rxe5 Bxe5 24. Rxe5 Qf6 25. Qe2 a6 26. Nf4 b5 27. Kg2 bxc4
28. bxc4 Kg8 29. Nh5 Qh8 30. Qe3 Rf7 31. Qg5+ Kf8 32. Rxf5 Rxf5 33. Qxf5+ Ke7
34. Qg5+ Kd6 35. Nf6 Kc7 36. Qe5+ Kb7 37. Qd6 Qf8 38. Qxd7+ Kb6 39. Qc6+ Ka5
40. Nd7 Qf5 41. Qc7+ Ka4 42. Nxc5+ 1-0

[Event "ENCI Limburg-open A"]
[Site "Maastricht"]
[Date "2009.05.30"]
[Round "2"]
[White "Driessens, Patrick"]
[Black "Breuker, Dennis M"]
[Result "1-0"]
[WhiteElo "2281"]
[BlackElo "2081"]
[PlyCount "74"]
[EventDate "2009.05.29"]
[EventType "swiss"]
[EventRounds "7"]
[EventCountry "NED"]
[Source "P.Boonen"]
[SourceDate "2010.01.01"]

1. d4 Nf6 2. c4 c5 3. d5 b5 4. Nd2 bxc4 5. e4 c3 6. bxc3 g6 7. Bd3 Bg7 8. Ne2
d6 9. O-O O-O 10. Rb1 Nbd7 11. f4 Nb6 12. c4 Nfd7 13. Qc2 e5 14. f5 Nf6 15. Nf3
gxf5 16. exf5 e4 17. Bxe4 Nxe4 18. Qxe4 Re8 19. Qd3 Ba6 20. Rxb6 axb6 21. Ng3
Qf6 22. Bd2 Bc8 23. h4 Rxa2 24. Rf2 Ra1+ 25. Kh2 Ra8 26. h5 Bd7 27. h6 Bxh6 28.
Nh5 Qb2 29. Bxh6 Qxf2 30. Nf6+ Kh8 31. Qc3 Re5 32. Nxd7 Ra2 33. Bd2 Rxd2 34.
Qxd2 Qxd2 35. Nxd2 Rxf5 36. Kg3 Kg7 37. Ne4 Re5 1-0

[Event "ENCI Limburg-open A"]
[Site "Maastricht"]
[Date "2009.05.30"]
[Round "2"]
[White "Ducarmon, Quinten"]
[Black "Panchanathan, Magesh"]
[Result "1/2-1/2"]
[WhiteElo "2153"]
[BlackElo "2462"]
[PlyCount "74"]
[EventDate "2009.05.29"]
[EventType "swiss"]
[EventRounds "7"]
[EventCountry "NED"]
[Source "P.Boonen"]
[SourceDate "2010.01.01"]

1. e4 e5 2. Nf3 Nc6 3. Bb5 a6 4. Ba4 Nf6 5. Qe2 b5 6. Bb3 Be7 7. O-O d6 8. c3
O-O 9. Rd1 Na5 10. Bc2 c5 11. d4 Qc7 12. d5 c4 13. b4 cxb3 14. axb3 Nd7 15. Bd2
Nb7 16. b4 Nb6 17. Na3 Bd7 18. Bd3 Rfc8 19. Rdc1 Nc4 20. Nxc4 bxc4 21. Bc2 a5
22. Be3 Bd8 23. Nd2 h6 24. h3 Bb5 25. Ra2 axb4 26. Rxa8 Rxa8 27. cxb4 Ra2 28.
Nb1 Ra1 29. Nc3 Rxc1+ 30. Bxc1 Qb6 31. Bb1 Ba6 32. Qb2 Bg5 33. b5 Bxc1 34. Qxc1
Bxb5 35. Qb2 Qd4 36. Qxb5 Qxc3 37. Qxb7 Qc1+ 1/2-1/2

[Event "ENCI Limburg-open A"]
[Site "Maastricht"]
[Date "2009.05.30"]
[Round "2"]
[White "Fober, Jan"]
[Black "Miesen, Fabian"]
[Result "0-1"]
[WhiteElo "1999"]
[BlackElo "2082"]
[PlyCount "128"]
[EventDate "2009.05.29"]
[EventType "swiss"]
[EventRounds "7"]
[EventCountry "NED"]
[Source "P.Boonen"]
[SourceDate "2010.01.01"]

1. d4 Nf6 2. Nf3 g6 3. Bg5 Bg7 4. Nbd2 d5 5. e3 O-O 6. Bd3 c5 7. c3 b6 8. O-O
Ba6 9. Bxa6 Nxa6 10. Ne5 Nc7 11. Qe2 Ne6 12. Bh4 Qc7 13. f4 Nd8 14. Rf3 Nb7 15.
Rh3 Nd6 16. g4 Nfe4 17. Ndf3 f6 18. Nd3 c4 19. Nf2 Qd7 20. Nxe4 Nxe4 21. Qg2 b5
22. Rf1 a5 23. Be1 Rab8 24. Nd2 Nxd2 25. Bxd2 f5 26. g5 b4 27. Rhf3 Qa4 28. Ra1
Qc2 29. Be1 Qd3 30. Rg3 e6 31. Qd2 Qxd2 32. Bxd2 Rf7 33. Kf2 Bf8 34. Rgg1 Rfb7
35. Rge1 Kf7 36. h4 a4 37. Re2 bxc3 38. Bxc3 Bb4 39. a3 Bxc3 40. bxc3 Rb3 41.
Rc2 Rb2 42. Ra2 Rxa2 43. Rxa2 Rb3 44. Ke2 Rxc3 45. Kd2 Rb3 46. Ke2 Ke7 47. Kd2
Kd6 48. Ke2 Kc6 49. Kd2 Kb5 50. Ke2 Kc6 51. Kd2 Rb1 52. Kc3 Rd1 53. Kb4 Rd3 54.
Kxa4 Rxe3 55. Rb2 Re4 56. Rb8 Rxf4 57. Rc8+ Kd7 58. Ra8 Rxd4 59. Ra7+ Kd6 60.
Rxh7 c3+ 61. Kb3 Rc4 62. Kc2 d4 63. h5 d3+ 64. Kd1 Rg4 0-1

[Event "ENCI Limburg-open A"]
[Site "Maastricht"]
[Date "2009.05.30"]
[Round "2"]
[White "Henris, Luc"]
[Black "Haast, Anne"]
[Result "1-0"]
[WhiteElo "2265"]
[BlackElo "2144"]
[PlyCount "51"]
[EventDate "2009.05.29"]
[EventType "swiss"]
[EventRounds "7"]
[EventCountry "NED"]
[Source "P.Boonen"]
[SourceDate "2010.01.01"]

1. e4 e5 2. f4 exf4 3. Nf3 d6 4. d4 g5 5. h4 g4 6. Ng1 Qf6 7. Nc3 c6 8. Nge2
Bh6 9. g3 fxg3 10. Nxg3 Bxc1 11. Rxc1 Ne7 12. Qd2 h5 13. Bc4 Be6 14. d5 cxd5
15. exd5 Qe5+ 16. Nge2 Bf5 17. O-O Nd7 18. Rce1 O-O-O 19. Nd4 Qg3+ 20. Qg2 Qxh4
21. Rxe7 Qxe7 22. Nxf5 Qe5 23. Qf2 Nb6 24. Re1 g3 25. Qf1 g2 26. Qf2 1-0

[Event "ENCI Limburg-open A"]
[Site "Maastricht"]
[Date "2009.05.30"]
[Round "2"]
[White "Hilverda, Alexander"]
[Black "Larmuseau, Michiel"]
[Result "0-1"]
[WhiteElo "2197"]
[BlackElo "2041"]
[PlyCount "100"]
[EventDate "2009.05.29"]
[EventType "swiss"]
[EventRounds "7"]
[EventCountry "NED"]
[Source "P.Boonen"]
[SourceDate "2010.01.01"]

1. d4 Nf6 2. c4 e6 3. Nc3 Bb4 4. Qc2 O-O 5. a3 Bxc3+ 6. Qxc3 Ne4 7. Qc2 f5 8.
Nh3 b6 9. f3 Nf6 10. e3 Bb7 11. Bd3 d6 12. O-O Nbd7 13. b4 c5 14. Bb2 Qc7 15.
Nf4 Rfe8 16. d5 exd5 17. cxd5 Ne5 18. Bxf5 Bxd5 19. Nxd5 Nxd5 20. Be4 Nxe3 21.
Qb3+ d5 22. Rfe1 c4 23. Qxe3 dxe4 24. Qxe4 Nd3 25. Qd5+ Qf7 26. Qxf7+ Kxf7 27.
Rxe8 Rxe8 28. Bd4 Re7 29. Kf1 Ke6 30. Bc3 Kd5 31. Ra2 g6 32. Re2 Rxe2 33. Kxe2
Nf4+ 34. Kf2 Kc6 35. g3 Nd5 36. Bb2 Kb5 37. Ke2 Ka4 38. Bc1 Kb3 39. Kd2 Nc3 40.
g4 Nb1+ 41. Ke3 Kc2 42. f4 Kxc1 43. f5 gxf5 44. gxf5 c3 45. f6 c2 46. f7 Kd1
47. f8=Q c1=Q+ 48. Kf2 Qb2+ 49. Kg3 Qe5+ 50. Kg2 Nd2 0-1

[Event "ENCI Limburg-open A"]
[Site "Maastricht"]
[Date "2009.05.30"]
[Round "2"]
[White "Hoornstra, Hans"]
[Black "Mueller, Claudia"]
[Result "1-0"]
[WhiteElo "1933"]
[BlackElo "2021"]
[PlyCount "85"]
[EventDate "2009.05.29"]
[EventType "swiss"]
[EventRounds "7"]
[EventCountry "NED"]
[Source "P.Boonen"]
[SourceDate "2010.01.01"]

1. d4 d5 2. Nf3 Nf6 3. c3 g6 4. Bg5 Bg7 5. Nbd2 O-O 6. e3 c6 7. Bd3 Bg4 8. Qc2
Nbd7 9. h3 Bxf3 10. Nxf3 c5 11. O-O e6 12. b4 cxb4 13. cxb4 Nb6 14. Rfc1 Rc8
15. Qb3 Qe7 16. a4 Rxc1+ 17. Rxc1 Rc8 18. Rc5 h6 19. Bxf6 Bxf6 20. a5 Rxc5 21.
bxc5 Nc8 22. a6 b6 23. Qb5 Qc7 24. Qe8+ Kg7 25. c6 Be7 26. Ne5 Nd6 27. Qd7 Bd8
28. Bxg6 Kf6 29. Bd3 Qxd7 30. cxd7 Ke7 31. Nc6+ Kxd7 32. Nxa7 Be7 33. Nb5 Kc6
34. Nxd6 Bxd6 35. Bb5+ Kc7 36. f4 f6 37. Kf2 e5 38. Kf3 exd4 39. exd4 Ba3 40.
g4 Bb2 41. g5 fxg5 42. fxg5 hxg5 43. Kg4 1-0

[Event "ENCI Limburg-open A"]
[Site "Maastricht"]
[Date "2009.05.30"]
[Round "2"]
[White "In 't Veld, Daan"]
[Black "Schaeken, Yordi"]
[Result "1/2-1/2"]
[WhiteElo "2168"]
[BlackElo "2023"]
[PlyCount "90"]
[EventDate "2009.05.29"]
[EventType "swiss"]
[EventRounds "7"]
[EventCountry "NED"]
[Source "P.Boonen"]
[SourceDate "2010.01.01"]

1. e4 c5 2. Nf3 d6 3. d4 cxd4 4. Nxd4 Nf6 5. Nc3 g6 6. Be3 Bg7 7. Be2 a6 8. Qd2
b5 9. Bf3 Ng4 10. Bxg4 Bxg4 11. a4 bxa4 12. Nxa4 O-O 13. O-O Qc7 14. Ra3 Nd7
15. Rfa1 Rfc8 16. Rc3 Qb7 17. Rb3 Qc7 18. Nc3 Nc5 19. Rba3 Qb7 20. f3 Be6 21.
Rb1 Nd7 22. Na4 Bc4 23. b3 Be6 24. Rc1 Nc5 25. Nxc5 dxc5 26. Nxe6 fxe6 27. Rd1
Rd8 28. Qxd8+ Rxd8 29. Rxd8+ Kf7 30. Ra4 Qb6 31. Rd3 Bd4 32. Bxd4 cxd4 33. e5
Qc5 34. Raxd4 Qxc2 35. b4 Qe2 36. Rd1 Qxe5 37. Re4 Qb5 38. Rde1 Qd5 39. R1e2
Qd1+ 40. Kf2 Qd6 41. g3 Qb6+ 42. Kg2 Qd6 43. Rh4 Kg7 44. Rhe4 Kf7 45. Rh4 Kg7
1/2-1/2

[Event "ENCI Limburg-open A"]
[Site "Maastricht"]
[Date "2009.05.30"]
[Round "2"]
[White "Klein, Felix"]
[Black "Vrancken, Gilbert"]
[Result "1-0"]
[WhiteElo "2288"]
[BlackElo "2094"]
[PlyCount "57"]
[EventDate "2009.05.29"]
[EventType "swiss"]
[EventRounds "7"]
[EventCountry "NED"]
[Source "P.Boonen"]
[SourceDate "2010.01.01"]

1. e4 c5 2. Nf3 Nc6 3. Nc3 g6 4. d4 cxd4 5. Nxd4 Bg7 6. Be3 Nf6 7. Bc4 O-O 8.
Bb3 a5 9. O-O a4 10. Nxa4 Nxe4 11. Nb5 d5 12. Bb6 Qd7 13. f3 Nb4 14. Qe2 Nd2
15. Rfd1 Nxb3 16. axb3 Qc6 17. Bf2 Ra5 18. Na7 Qxc2 19. Qxc2 Nxc2 20. Rac1 d4
21. Nxc8 Rxc8 22. Nb6 Rc6 23. Nc4 Rac5 24. Rxc2 b5 25. Bxd4 Rd5 26. Ne3 Rxc2
27. Nxd5 Bxd4+ 28. Rxd4 Rxb2 29. Rb4 1-0

[Event "ENCI Limburg-open A"]
[Site "Maastricht"]
[Date "2009.05.30"]
[Round "2"]
[White "Klimov, Sergey"]
[Black "Noiroux, Kevin"]
[Result "1-0"]
[WhiteElo "2521"]
[BlackElo "2137"]
[PlyCount "63"]
[EventDate "2009.05.29"]
[EventType "swiss"]
[EventRounds "7"]
[EventCountry "NED"]
[Source "P.Boonen"]
[SourceDate "2010.01.01"]

1. e4 d5 2. exd5 Qxd5 3. Nc3 Qa5 4. d4 Nf6 5. Nf3 c6 6. Bc4 Bf5 7. Bd2 e6 8.
Nd5 Qd8 9. Nxf6+ gxf6 10. O-O Nd7 11. Re1 Nb6 12. Bf1 Qd5 13. Nh4 Bg6 14. c3
Nc4 15. Bc1 Nd6 16. g3 Nf5 17. Ng2 O-O-O 18. h4 h5 19. Nf4 Qd7 20. Bc4 Re8 21.
Bxe6 Rxe6 22. Rxe6 fxe6 23. Nxg6 Rg8 24. Nxf8 Qd6 25. Qe2 Rxf8 26. Bf4 Qd5 27.
Re1 Ng7 28. Bh6 Rg8 29. Bxg7 Rxg7 30. Qxe6+ Qxe6 31. Rxe6 Rf7 32. Re8+ 1-0

[Event "ENCI Limburg-open A"]
[Site "Maastricht"]
[Date "2009.05.30"]
[Round "2"]
[White "Koch, Markus"]
[Black "Henrichs, Thomas"]
[Result "1/2-1/2"]
[WhiteElo "2007"]
[BlackElo "2500"]
[PlyCount "73"]
[EventDate "2009.05.29"]
[EventType "swiss"]
[EventRounds "7"]
[EventCountry "NED"]
[Source "P.Boonen"]
[SourceDate "2010.01.01"]

1. c4 g6 2. g3 Bg7 3. Bg2 c5 4. Nc3 Nc6 5. e3 Bxc3 6. bxc3 b6 7. Ne2 Bb7 8. d3
d6 9. h4 h6 10. Nf4 Qd7 11. Rb1 e6 12. e4 O-O-O 13. Be3 Kb8 14. Bh3 Qe8 15. Qe2
f5 16. exf5 gxf5 17. d4 Nxd4 18. cxd4 Bxh1 19. f3 e5 20. dxe5 dxe5 21. Nd5 f4
22. gxf4 Qg6 23. Qb2 Rxd5 24. cxd5 Bxf3 25. Qxe5+ Kb7 26. Bf5 Qf6 27. d6 Bc6
28. Bxc5 Qxh4+ 29. Kd2 Nf6 30. Qe7+ Ka8 31. Be3 Re8 32. Qc7 Qh2+ 33. Kc1 Qh1+
34. Kb2 Qd5 35. Rc1 Qb5+ 36. Ka1 Bd7 37. Bxd7 1/2-1/2

[Event "ENCI Limburg-open A"]
[Site "Maastricht"]
[Date "2009.05.30"]
[Round "2"]
[White "Lafosse, Jimmy"]
[Black "Ranucci, Marcello"]
[Result "1-0"]
[WhiteElo "2039"]
[BlackElo "1950"]
[PlyCount "35"]
[EventDate "2009.05.29"]
[EventType "swiss"]
[EventRounds "7"]
[EventCountry "NED"]
[Source "P.Boonen"]
[SourceDate "2010.01.01"]

1. e4 e5 2. Nf3 Nc6 3. Bc4 Nf6 4. d4 exd4 5. e5 d5 6. Bb5 Nd7 7. O-O a6 8. Bxc6
bxc6 9. Nxd4 Bb7 10. e6 Nf6 11. Re1 Be7 12. Qe2 O-O 13. Nf5 Ne4 14. Qg4 g5 15.
Rxe4 dxe4 16. Bxg5 Kh8 17. Bxe7 Rg8 18. Qh4 1-0

[Event "ENCI Limburg-open A"]
[Site "Maastricht"]
[Date "2009.05.30"]
[Round "2"]
[White "Nabuurs, Joep"]
[Black "Simenon, Stefan"]
[Result "1/2-1/2"]
[WhiteElo "2227"]
[BlackElo "2109"]
[PlyCount "120"]
[EventDate "2009.05.29"]
[EventType "swiss"]
[EventRounds "7"]
[EventCountry "NED"]
[Source "P.Boonen"]
[SourceDate "2010.01.01"]

1. e4 e6 2. d4 d5 3. Nc3 dxe4 4. Nxe4 Nd7 5. Nf3 Ngf6 6. Bg5 Be7 7. Nxf6+ Nxf6
8. Bd3 c5 9. dxc5 Qa5+ 10. Qd2 Qxc5 11. O-O Bd7 12. Rfe1 Bc6 13. Ne5 O-O 14.
Nxc6 bxc6 15. Qe3 Qxe3 16. Bxe3 Nd5 17. Bd2 Rab8 18. b3 Bf6 19. Rad1 Nc3 20.
Bxc3 Bxc3 21. Re4 Bf6 22. Ra4 Rb7 23. Be4 Rc7 24. Kf1 Rfc8 25. Ra6 Be7 26. Rd4
f5 27. Bd3 Kf7 28. Rda4 Bc5 29. Rc4 Be7 30. Rca4 Bc5 31. R4a5 Bd4 32. Ke2 Kf6
33. Ra4 Bc5 34. b4 Bb6 35. c4 c5 36. b5 Rd7 37. Ra3 e5 38. f3 Re8 39. Bc2 e4
40. fxe4 fxe4 41. Rh3 Kf5 42. a4 Red8 43. Rc3 Rd2+ 44. Ke3 R2d4 45. g3 R8d7 46.
a5 Bd8 47. h4 g5 48. Rc6 Be7 49. g4+ Kxg4 50. Bxe4 gxh4 51. Bd5 Bg5+ 52. Kf2
Rd2+ 53. Kf1 Re7 54. Re6 Rb2 55. Rxe7 Bxe7 56. Ra3 Bd8 57. b6 Bxb6 58. axb6
axb6 59. Be6+ Kf4 60. Rh3 Kg5 1/2-1/2

[Event "ENCI Limburg-open A"]
[Site "Maastricht"]
[Date "2009.05.30"]
[Round "2"]
[White "Oosterman, Maarten Jan"]
[Black "Hetey, Laszlo"]
[Result "0-1"]
[WhiteElo "2005"]
[BlackElo "2347"]
[PlyCount "156"]
[EventDate "2009.05.29"]
[EventType "swiss"]
[EventRounds "7"]
[EventCountry "NED"]
[Source "P.Boonen"]
[SourceDate "2010.01.01"]

1. e4 e5 2. Nf3 Nc6 3. d4 exd4 4. Nxd4 Bc5 5. Be3 Qf6 6. c3 Nge7 7. Bc4 O-O 8.
O-O Bb6 9. Kh1 d6 10. f3 Rd8 11. Na3 d5 12. Nxc6 Nxc6 13. exd5 Bxe3 14. Qe2 Bc5
15. dxc6 Qxc6 16. Rad1 Re8 17. Qd3 a6 18. Nc2 Qf6 19. Nd4 Bd6 20. f4 Bg4 21.
Rd2 Rad8 22. Qg3 Bc8 23. Re2 c5 24. Nc2 b5 25. Bd3 Rxe2 26. Bxe2 Qe6 27. Bd3
Bc7 28. Re1 Qd6 29. Rd1 g6 30. Be2 Qf6 31. Rxd8+ Qxd8 32. Qe3 Bf5 33. Ne1 Qd6
34. g3 Qd5+ 35. Nf3 Bd6 36. b3 Bf8 37. c4 Qc6 38. Kg1 Bb1 39. Ne5 Qe8 40. Bf3
f6 41. Ng4 Qxe3+ 42. Nxe3 Bxa2 43. cxb5 axb5 44. Bc6 Bxb3 45. Bxb5 f5 46. Kg2
Bg7 47. h3 Bd4 48. Nc4 Kf7 49. g4 Ke6 50. Nd2 Bd5+ 51. Kg3 Be3 52. Nc4 Bd4 53.
Nd2 Bc3 54. Nf3 c4 55. Ng5+ Ke7 56. Nxh7 Be1+ 57. Kh2 c3 58. Ba4 Be4 59. Ng5 c2
60. Bxc2 Bxc2 61. Nf3 Bc3 62. Nh4 Kf6 63. gxf5 Bxf5 64. Nxg6 Bxg6 65. Kg3 Kf5
66. Kf3 Bd4 67. h4 Bh5+ 68. Kg3 Be3 69. Kg2 Kxf4 70. Kf1 Bf3 71. Ke1 Kg4 72.
Kf1 Kxh4 73. Ke1 Kg3 74. Kf1 Bd2 75. Kg1 Be2 76. Kh1 Kh3 77. Kg1 Be3+ 78. Kh1
Bf3# 0-1